ՀՀ Գիտությունների ազգային ակադեմիայի հիմնարար գիտական գրադարան  =   Fundamental Scientific Library of NAS RA

Сборник работ по физическому развитию детей Удмуртской АССР, посвященный 20-летию кафедры детских болезней Ижевского медицинского института и общества детских врачей Удмуртии (1937-1957) / (Record no. 486527)

MARC details
000 -LEADER
fixed length control field 01297nam a2200253 a 4500
001 - CONTROL NUMBER
control field 001099642
003 - CONTROL NUMBER IDENTIFIER
control field AM-YeHGA
005 - DATE AND TIME OF LATEST TRANSACTION
control field 20250617162259.0
008 - FIXED-LENGTH DATA ELEMENTS--GENERAL INFORMATION
fixed length control field 150904s1957 ||||||||r|||||000|0|rus|d
040 ## - CATALOGING SOURCE
Original cataloging agency AM-YeHGA
041 0# - LANGUAGE CODE
Language code of text/sound track or separate title rus
090 ## - LOCALLY ASSIGNED LC-TYPE CALL NUMBER (OCLC); LOCAL CALL NUMBER (RLIN)
-- 489896
245 00 - TITLE STATEMENT
Title Сборник работ по физическому развитию детей Удмуртской АССР, посвященный 20-летию кафедры детских болезней Ижевского медицинского института и общества детских врачей Удмуртии (1937-1957) /
Statement of responsibility, etc. Под ред. А.И. Перевощиковой ; МЗ Удмуртской АССР.
260 ## - PUBLICATION, DISTRIBUTION, ETC.
Place of publication, distribution, etc. Ижевск :
Name of publisher, distributor, etc. Удмуртское кн. изд-во,
Date of publication, distribution, etc. 1957.
300 ## - PHYSICAL DESCRIPTION
Extent 104 с. ;
Dimensions 20 см.
504 ## - BIBLIOGRAPHY, ETC. NOTE
Bibliography, etc. note Библиогр. в конце ст.
650 14 - SUBJECT ADDED ENTRY--TOPICAL TERM
Topical term or geographic name entry element Детей развитие
650 14 - SUBJECT ADDED ENTRY--TOPICAL TERM
Topical term or geographic name entry element Рост и развитие организма
650 14 - SUBJECT ADDED ENTRY--TOPICAL TERM
Topical term or geographic name entry element Рахит
General subdivision профилактика и контроль
650 14 - SUBJECT ADDED ENTRY--TOPICAL TERM
Topical term or geographic name entry element Научные исследования
651 #4 - SUBJECT ADDED ENTRY--GEOGRAPHIC NAME
Geographic name Удмуртия
700 1# - ADDED ENTRY--PERSONAL NAME
Personal name Перевощикова, А.И.
Relator term ред.
Relationship edt
710 2# - ADDED ENTRY--CORPORATE NAME
Corporate name or jurisdiction name as entry element Министерство здравоохранения Удмуртской АССР
Holdings
Withdrawn status Lost status Source of classification or shelving scheme Damaged status Not for loan Collection Home library Current library Date acquired Total checkouts Full call number Barcode Date last seen Price effective from Koha item type Public note
    Universal Decimal Classification     General Fundamental Scientific Library Fundamental Scientific Library 06/02/2019   РД II/38152 FL0549238 06/02/2019 06/02/2019 Գրքեր / Books 30 Days Loan


ՀՀ ԳԱԱ հիմնարար գիտական գրադարան
ՀՀ,Երևան 0019
Մարշալ Բաղրամյան 24/6
հեռախոս:(374-10) 52-47-50
Հետադարձ կապ

All site content, except where otherwise noted, is licensed under a
Creative Commons License